Geography Quiz

Random Geography or State Quiz

US States by Largest Non-Capital Cities Quiz Stats

 Plays Quiz Updated Feb 1, 2018

Also try: US Capitals
Challenge
Share
Tweet
Score 0/49 Timer 07:00
0 Plays Today
% Correct
Los Angeles
92.5%
Houston
92.3%
Seattle
90.9%
Las Vegas
90.9%
New York City
90.7%
New Orleans
89.7%
Philadelphia
89%
Portland
88.4%
Chicago
88%
Memphis
87.8%
Detroit
87.8%
Anchorage
87.7%
Cleveland
87.5%
Albuquerque
86.5%
Colorado Springs
86.4%
Minneapolis
86.3%
Virginia Beach
86.1%
Jacksonville
84.4%
Tucson
84.2%
Baltimore
84%
Milwaukee
83.3%
Charlotte
82.6%
Newark
81.9%
Louisville
81.6%
Tulsa
80.8%
% Correct
Omaha
80.1%
Birmingham
80%
Wichita
79.2%
Portland
78.3%
Fargo
77.5%
Charleston
74.8%
Kansas City
73.4%
Billings
73.3%
Fort Wayne
69.3%
Sioux Falls
69.2%
Casper
68.3%
Worcester
67%
Cedar Rapids
66.8%
Augusta
66.8%
Gulfport
66.1%
Burlington
63.9%
Bridgeport
63.3%
Manchester
62.8%
West Valley City
59.9%
Wilmington
56.6%
Huntington
56.2%
Fort Smith
55.2%
Nampa
53%
Warwick
51.1%

You're not logged in!

Compare scores with friends on all Sporcle quizzes.
OR
Log In

You Might Also Like...

Show Comments

Extras

Top Quizzes Today


Score Distribution

Your Account Isn't Verified!

In order to create a playlist on Sporcle, you need to verify the email address you used during registration. Go to your Sporcle Settings to finish the process.

Report this User

Report this user for behavior that violates our Community Guidelines.

Details: